000 00398nam a2200145Ia 4500
008 220204s9999 xx 000 0 und d
020 _a8188237116
082 _a577.2
_bBUC
100 _aBuchanan, Bob B
245 0 _aBiochemistry and molecular biology of plants
260 _aNew Delhi
_bI K International Pvt Ltd
_c2000
650 _aPgotosynthesis
650 _aPlant environment
942 _cBK
999 _c42492
_d42492